[Event "GER-ch U10"]
[Site "Oberhof"]
[Date "2010.05.23"]
[Round "2"]
[White "Kasel, Mario"]
[Black "Gressmann, Moritz"]
[Result "0-1"]
[WhiteElo "1285"]
[BlackElo "1600"]
[PlyCount "102"]
[EventDate "2010.05.22"]
[EventType "swiss"]
[EventRounds "11"]
[EventCountry "GER"]
[SourceTitle "CBM 136 Extra"]
[Source "ChessBase"]
[SourceDate "2010.07.02"]
[SourceVersion "2"]
[SourceVersionDate "2010.07.15"]
[SourceQuality "1"]

1. e4 d5 2. d3 dxe4 3. dxe4 Qxd1+ 4. Kxd1 Nf6 5. Nc3 Bd7 6. Nf3 Nc6 7. Bc4 0-0-0 8. Bd2 Bg4 9. h3 Bxf3+ 10. gxf3 Ne5 11. Be2 e6 12. a3 Bc5 13. Rf1 Bd4 14. Kc1 Nc6 15. b3 a6 16. Kb2 Bxf2 17. Bg5 Bd4 18. Rfd1 h6 19. Bd2 Rd7 20. Bd3 Ne5 21. f4 Nxd3+ 22. cxd3 Rhd8 23. Kc2 Bf2 24. Bc1 Bd4 25. Bb2 Be3 26. Bc1 Bxc1 27. Raxc1 Nh5 28. Ne2 Nf6 29. Nc3 Ne8 30. e5 g6 31. Ne4 Ng7 32. Nf6 Rd4 33. Rd2 Rxf4 34. Rcd1 Nf5 35. Kc3 Rfd4 36. Ne4 R4d5 37. d4 Rb5 38. Nf6 Ne3 39. Re1 Nd5+ 40. Nxd5 Rbxd5 41. Red1 c5 42. b4 cxd4+ 43. Rxd4 Rxd4 44. Rxd4 Rxd4 45. Kxd4 g5 46. a4 h5 47. b5 axb5 48. axb5 Kc7 49. Kc5 g4 50. hxg4 h4 51. b6+ Kd7 0-1

[Event "GER-ch U10"]
[Site "Willingen"]
[Date "2009.06.03"]
[Round "7"]
[White "Moses, Selina"]
[Black "Kasel, Mario"]
[Result "0-1"]
[WhiteElo "1044"]
[BlackElo "1234"]
[PlyCount "134"]
[EventDate "2009.05.30"]
[EventType "swiss"]
[EventRounds "11"]
[EventCountry "GER"]
[SourceTitle "EXT 2010"]
[Source "ChessBase"]
[SourceDate "2010.11.25"]
[SourceVersion "1"]
[SourceVersionDate "2010.11.25"]
[SourceQuality "1"]

1. e4 e5 2. Nf3 Nc6 3. Bc4 Nf6 4. d3 Bc5 5. c3 d6 6. h3 h6 7. Nbd2 Be6 8. Bb3 0-0 9. 0-0 d5 10. Re1 d4 11. Nf1 Qd6 12. Ng3 Rfd8 13. Bc2 Rd7 14. Nf5 Bxf5 15. exf5 Rad8 16. a3 dxc3 17. bxc3 e4 18. Nd2 exd3 19. Bb3 Qf4 20. Qf3 Nh5 21. Re4 Qxf3 22. gxf3 Ng3 23. Rg4 Nxf5 24. Ra2 h5 25. Rg2 Re8 26. Ne4 Be7 27. Ng5 Bxg5 28. Bxg5 Re2 29. Rd2 Rxd2 30. Bxd2 Nh4 31. Rg3 Ne5 32. Kf1 Nexf3 33. Be3 d2 34. Bd1 Ne1 35. Ke2 Nf5 36. Rg1 Nxe3 37. fxe3 Rd3 38. Bc2 Rxc3 39. Bd1 Rc1 40. Kxd2 Nf3+ 41. Kxc1 Nxg1 42. h4 Nh3 43. Bxh5 g5 44. hxg5 Nxg5 45. Bg4 Ne6 46. Kc2 Kg7 47. Kc3 Kf6 48. Bf3 c6 49. Kc4 Ke5 50. Bh5 f5 51. Kd3 f4 52. exf4+ Nxf4+ 53. Kc4 Nxh5 54. a4 Nf6 55. a5 Nd7 56. Kb4 Kd5 57. Ka4 c5 58. Kb5 Kd4 59. a6 bxa6+ 60. Kxa6 c4 61. Kxa7 c3 62. Ka6 c2 63. Ka5 c1Q 64. Kb4 Nb6 65. Kb5 Na4 66. Kxa4 Qb2 67. Ka5 Kc5 0-1